Sławni Polacy urodzeni w Warszawie - Statystyki

Ogólne statystyki
  • Ten quiz został rozwiązany 18 razy
  • Średni wynik to 3 z 6
Answers on the Grid
Answers color-coded by a green-red scale on the quiz's grid according to % correct below.
Andrzej Duda
Arkadiusz Milik
Dawid Podsiadło
Doda
Frédéric Chopin
Jan Błachowicz
Kamil Stoch
Maria Skłodowska-Curie
Mikołaj Kopernik
Piotr Adamczyk
Rafał Trzaskowski
Robert Lewandowski
Sanah
Sonia Bohosiewicz
Wojciech Szczęsny
 
Statystyki odpowiedzi
Odpowiedź % Poprawnych
Robert Lewandowski
85%
Rafał Trzaskowski
69%
Wojciech Szczęsny
62%
Piotr Adamczyk
46%
Sanah
38%
Maria Skłodowska-Curie
23%
Nie znaleziono quizów pasujących do podanych kryteriów
Rozkład punktacji
Procent ludzi z każdym wynikiem
Percentyl według liczby udzielonych odpowiedzi
Twoja historia wyników
Nie rozwiązałeś tego quizu